| 000 | 00569nam#a22002295a#4500 | ||
|---|---|---|---|
| 001 | 2247 | ||
| 245 | 1 | 0 |
_aCrímenes imperceptibles / _cGuillermo Martínez. |
| 250 | _a5ª ed. | ||
| 260 |
_aBuenos Aires : _bPlaneta, _c2013. |
||
| 300 |
_a240 p. ; _c23 cm. |
||
| 020 | _a9789504918974 | ||
| 100 | 1 | _aMartínez, Guillermo. | |
| 080 | _a82-312.4 | ||
| 084 | _aM26 | ||
| 653 | _aNarrativa Argentina | ||
| 653 | _aNovela | ||
| 040 |
_aAR-ClEAG _cAR-ClEAG |
||
| 008 | 140327s2013####ag############000#0#und#d | ||
| 005 | 20241107184738.0 | ||
| 003 | AR-ClEAG | ||
| 942 | _cBK | ||
| 999 |
_c2247 _d2247 |
||
| 980 |
_62 _aEvangelina Gallicchio _82 _gEvangelina Gallicchio |
||